000 01150cam a22002651 4500
001 s 13000049
003 DLC
005 20260227111910.0
008 780206m18591865dcua f000 0 eng c
010 _as 13000049
035 _a(OCoLC)3611909
040 _aSmithsonian Inst. Library
_cNGenoU
_dNGenoU
_dDLC
042 _apremarc
050 0 0 _aQ11
_b.S68 v. 11, 13, 14
100 1 _aBache, A. D.
_q(Alexander Dallas),
_d1806-1867.
245 1 0 _aDiscussion of the magnetic and meteorological observations made at the Girard College Observatory, Philadelphia,
_bin 1840, 1841, 1842, 1843, 1844, and 1845.
_cBy A. D. Bache.
260 _a[Washington,
_bSmithsonian Institution,
_c1859-65]
300 _a6 v.
_bdiagrs.
_c33 cm.
490 0 _aSmithsonian contributions to knowledge. [vol. XI, art. 4; vol. XIII, art. 5, 6, 7; vol. XIV, art. 2, 3]
490 0 _aSmithsonian Institution publications 113, 121, 132, 162, 175, 186.
500 _aAssisted by C. A. Schott.
650 0 _aGeomagnetism
_xObservations.
700 1 _aSchott, Charles A.
_q(Charles Anthony),
_d1826-1901.
710 2 _aGirard College.
_bMagnetic and Meteorological Observatory.
999 _c52621
_d52621